| 000 | 00867na a2200301 4500 | ||
|---|---|---|---|
| 001 | 14694 | ||
| 003 | MIRAKIL | ||
| 005 | 20181213155226.0 | ||
| 008 | 161024b tu 000 0 | ||
| 020 | _a9758565303 | ||
| 035 | _a14694 | ||
| 040 |
_aMilas _btur _cTR-AnCHP |
||
| 041 | _atur | ||
| 082 |
_aCHP 320.9561 _bT96d 2006 |
||
| 090 | _aCHP 320.9561 T96d 2006 | ||
| 100 | _aTurgut, Mirza | ||
| 245 |
_aDeğişen Türkiye değişemeyen siyaset _cMirza Turgut |
||
| 260 |
_aİstanbul _bEtik Yayınları |
||
| 300 |
_a216 s. _c20 sm. |
||
| 610 | _aCHP | ||
| 610 | _aAKP | ||
| 610 | _aMilliyetçi Halk Partisi (MHP) | ||
| 650 |
_aToplumsal değişim _xDenemeler _zTürkiye |
||
| 650 |
_aSiyaset ve yönetim _xTarih ve eleştiri _yDenemeler |
||
| 651 |
_aTürkiye _xSiyaset ve yönetim _y1980- |
||
| 651 |
_aTürkiye _xDış ilişkiler |
||
| 942 |
_2ddc _cBKS |
||
| 999 |
_c8859 _d8859 |
||